000 01434nam0a22002891 4500
001 rc\2673874
005 20250623152455.0
035 _a(NLR Aleph) 006802396
090 _a6257438
_c6257438
100 _a20110915d1932 |||y0rusy50 ca
101 0 _arus
102 _aRU
105 _ay z |||||
200 1 _aПособие по ветеринарной подготовке в РККА
_eСоставлено применительно к программам по вет. подготовке рядового и младш. начальствующего состава РККА
_fВ. Л. Иакобсен, С. С. Лапидус, И. В. Шур, С. Д. Язловский
_gПод ред. Н. М. Никольского
210 _aМосква
_cГос. воен. изд-во
_d1932
_g16 тип. треста "Полиграфкнига"
215 _aПапка, 144 с.
_d22х15 см.
700 1 _aИакобсен
_bВ.Л.
_f1877-
_gВалентин Людвигович
702 1 _aЛапидус
_bС.С.
_4570
702 1 _aШур
_bИ.В.
_4570
702 1 _4340
_aНикольский
_bН. М.
_cдеятель ветеринарии, ген.-лейт.
_f1883-1970
_gНиколай Михайлович
_9228161
_3RU\NLR\AUTH\770228217
702 1 _aЯзловский
_bС.Д.
_4570
801 0 _aRU
_bNLR
_gpsbo
801 1 _aRU
_bELAR
_2rusmarc
852 _aNLR
_j32-3/1562
942 _cBOOK
980 _aNB